A chemical study of three species of Malaysian Annonaceae /
Saved in:
| Main Author: | |
|---|---|
| Format: | Thesis Book |
| Language: | English |
| Published: |
1990.
|
| Subjects: | |
| Tags: |
Add Tag
No Tags, Be the first to tag this record!
|
| LEADER | 00977cam a2200277 a 4500 | ||
|---|---|---|---|
| 001 | u116558 | ||
| 003 | SIRSI | ||
| 008 | 911104s1990 my bt 00 1 eng m | ||
| 035 | |a AAM-8129 | ||
| 040 | |a UMM | ||
| 090 | |a QK495 |b A6Khaa | ||
| 091 | |a Microfiche 10977 | ||
| 100 | 0 | 0 | |a Khalijah Awang. |
| 245 | 1 | 2 | |a A chemical study of three species of Malaysian Annonaceae / |c Khalijah Awang. |
| 260 | |c 1990. | ||
| 300 | |a x, 92 leaves ; |c 30 cm. | ||
| 500 | |a PPZ. | ||
| 500 | |a Also available on microfiche. Kuala Lumpur : Perpustakaan Universiti Malaya, 1991. 2 fiches : negative ; 11 x 15 cm. | ||
| 502 | |a Dissertation (M.Sc.) -- Fakulti Sains, Universiti Malaya, 1991. | ||
| 504 | |a Bibliography: leaves 87-92. | ||
| 650 | 0 | |a Annonaceae |x Analysis. | |
| 650 | 0 | |a Alkaloids |x Analysis. | |
| 710 | 2 | 0 | |a Universiti Malaya. |b Fakulti Sains. |
| 948 | |a 06/01/1992 |b 23/12/2000 | ||
| 596 | |a 1 | ||
| 999 | |a QK495 A6KHAA |w LC |c 1 |i A010950395 |d 21/11/1994 |l STACKS |m P01UTAMA |n 4 |r Y |s Y |t TESIS |u 21/1/1992 | ||
